000 00306nam a2200121 i 4500
001 bg
245 0 _aProblemy budowy systemu informatycznego zarządzania przedsiębiorstwem...
260 _aSzczecin,
_c1982.
040 _cBPK
041 _apol
942 _cKS
008 s pl f |000 0 pol
999 _c22039
_d22039
856 _uhttp://koha.tu.koszalin.pl/cgi-bin/koha/opac-detail.pl?biblionumber=22039
_yKatalog online BPK